The U.S. individual income tax system, 2019 /

Bibliographic Details
Main Author: Sherlock, Molly F. (Author)
Format: Government Document Database
Language:English
Published: [Washington, D.C.] : Congressional Research Service, 2019-
Series:Infographics (Library of Congress. Congressional Research Service) ; IG10014.
Subjects:
Online Access:https://purl.fdlp.gov/GPO/gpo175506

MARC

Tag First Indicator Second Indicator Subfields
LEADER 00000nai a2200000 i 4500
001 in00004586821
006 m o d f
007 cr m||||||||||
008 220303c20199999dcu x w o s f0 2eng c
005 20220729184212.5
010 |a 2022234580 
035 |a (OCoLC)on1301528678 
040 |a GPO  |b eng  |e rda  |e pn  |c GPO  |d MvI 
042 |a pcc 
043 |a n-us--- 
049 |a WWW 
074 |a 0807-A-13 (online) 
086 0 |a LC 14.25/3:IG 10014/ 
100 1 |a Sherlock, Molly F.,  |0 http://id.loc.gov/authorities/names/no2009201270  |e author. 
245 1 4 |a The U.S. individual income tax system, 2019 /  |c Molly F. Sherlock. 
246 1 |a United States individual income tax system, 2019 
264 1 |a [Washington, D.C.] :  |b Congressional Research Service,  |c 2019- 
300 |a 1 online resource. 
310 |a Updated irregularly 
336 |a text  |b txt  |2 rdacontent 
337 |a computer  |b c  |2 rdamedia 
338 |a online resource  |b cr  |2 rdacarrier 
490 1 |a IG ;  |v 10014 
500 |a Report includes illustrations. 
500 |a The CRS web page provides access to all versions published since 2018 in accordance with P.L. 115-141. 
500 |a GPO Cataloging Record Distribution Program (CRDP). 
588 0 |a Contents viewed March 3, 2022; title from CRS web page. 
650 0 |a Income tax  |z United States.  |0 http://id.loc.gov/authorities/subjects/sh85064788 
650 0 |a Tax returns  |0 http://id.loc.gov/authorities/subjects/sh85132837  |z United States.  |0 http://id.loc.gov/authorities/names/n78095330 
650 0 |a Tax credits  |0 http://id.loc.gov/authorities/subjects/sh85132816  |z United States.  |0 http://id.loc.gov/authorities/names/n78095330 
650 0 |a Income tax deductions for expenses  |0 http://id.loc.gov/authorities/subjects/sh85064777  |z United States.  |0 http://id.loc.gov/authorities/names/n78095330 
650 0 |a Tax administration and procedure  |z United States.  |0 http://id.loc.gov/authorities/subjects/sh85132806 
710 2 |a Library of Congress.  |b Congressional Research Service,  |0 http://id.loc.gov/authorities/names/n79061321  |e issuing body. 
773 0 8 |i Contained in (work):  |t CRS reports (Library of Congress. Congressional Research Service)  |w (DLC) 2018231131  |w (OCoLC)1052784408 
830 0 |a Infographics (Library of Congress. Congressional Research Service) ;  |0 http://id.loc.gov/authorities/names/no2022008571  |v IG10014. 
856 4 0 |u https://purl.fdlp.gov/GPO/gpo175506  |t 0 
999 f f |s 68e8157d-c23c-4897-abe0-cdd1f10607dc  |i 68e8157d-c23c-4897-abe0-cdd1f10607dc  |t 0 
952 f f |a Texas A&M University  |b College Station  |c Electronic Resources  |d Available Online  |t 0  |e LC 14.25/3:IG 10014/  |h Superintendent of Documents classification 
998 f f |a LC 14.25/3:IG 10014/  |t 0  |l Available Online